000
00200 a2200097 4500
001
23000
100
_a
Barker, L M
245
_a
Pears Encyclopedia
260
_a
_b
Pears
_c
1955
090
_c
15553
_d
15553
942
_a
NUST-CAE
_c
M
_c
6173
999
_c
258073
_d
258073